00949nam a2200229 i 450000100060000000300090000600500170001500700030003200800410003524502100007625000120028626000380029830000220033649000500035870000320040870000290044070000250046983000540049485200320054899900170058095201220059740694ES-MaACL20250824212145.0t|030306s1973 sp ||||1| spa d00aCapital monopolista y sociedad autoritaria b: la involución autoritaria en la R.F.A. / cAbendroth... [et al.] ; prólogo, selección y presentación de Claudio Pozzoli ; [traducido por Ramiro Gual]. a1ª ed. aBarcelona : bFontanella, c1973. a258 p. ; c21 cm.1 aLibros de confrontación. Sociología ; v21 aAbendroth, Wolfgang,9180841 aPozzoli, Claudio.9935681 aGual, Ramiro.96028400aLibros de confrontación (Fontanella)v29183492 aES-MaACLjC-52999 bR.86203 c40694d40694 00104070aATENEOMbATENEOMcDEPO2d2008-01-17eSCl0oC-52999p1042843r2023-02-23 00:00:00w2023-02-23yMONOGRAFIA